Vertikální zahrada: Zelené nápady pro malé zahrádky, balkony a terasy /

Na minha lista:
Detalhes bibliográficos
Autor principal: Staffler, Martin (Author)
Formato: Livro
Idioma:tcheco
alemão
Publicado em: Praha: Jan Vašut, 2020
Edição:1. vyd.
Assuntos:
Tags: Adicionar Tag
Sem tags, seja o primeiro a adicionar uma tag!

MARC

LEADER 00000nam a22000003a 4500
001 0094468
003 SK-STU
005 20220314113159.3
007 ta
008 220314s ----xo-----e------000-0-----d
020 |a 978-80-7541-178-5 
040 |a STU  |b slo 
041 0 |a cze  |h ger 
044 |a xr 
100 1 |a Staffler, Martin  |4 aut  |r Z6 
245 1 0 |a Vertikální zahrada:  |b Zelené nápady pro malé zahrádky, balkony a terasy /  |c aut. Martin Staffler 
250 |a 1. vyd. 
260 |a Praha:  |b Jan Vašut,  |c 2020 
300 |a 91 s. 
650 0 7 |a záhrady vertikálne 
765 0 |t Vertikal Gärtern 
996 |b 284V037777  |c V* 53376/O-24536  |l VVT  |s A  |a 24  |w 0094468_0001